00980nam a22002177a 4500001001400000003000900014005001700023008004100040040001300081082002100094100004800115245012600163260008100289300003200370500012100402504004100523650003100564650007000595700004100665710005600706BD-DhSAU 9278BD-DhSAU20260512115354.0260512b2018 bg a|||| m||| 00| 0 eng d aBD-DhSAU 222a631.4bSa314 aISLAM, MD. SALAMUNeRegistration # 22010080 aResponse of potato (solanum tuberosum) to natural elicitors (salicylic acid, yeast extracts and chitosan) /bMS thesis  aSher-e-Bangla Agricultural University;bDepartment of Soil Science, ;c2024. avii, 77p. :bill. ;c30 cm. aMS thesis of Department of Soil Science, ;, Faculty of Agriculture. Sher-e-Balgla Agricultural University Dhaka-1207 aIncludes bibliographical reference.  apotato (solanum tuberosum) anatural elicitors (salicylic acid, yeast extracts and chitosan)  aProf. Dr. Mohammad IssakeSuperviser eCo-SuperviseraAssoc. Prof. Dr. A.S.M. Fazle Bari